000
00310nam a22001337a 4500
008
170203b xxu||||| |||| 00| 0 eng d
020
_a
9780781733243
041
_a
eng
080
_2
2ND
_a
61
100
_a
3
101
_a
SHM
245
_a
PALLIATICVE CARE & SUPPORTIVE ONCOLOGY
_c
BERGER, A.M
942
_2
udc
_c
BK
999
_c
4521
_d
4521